My Personal encounter with the media (Record no. 354)
[ view plain ]
| 000 -LEADER | |
|---|---|
| fixed length control field | 00397nam a2200157Ia 4500 |
| 008 - FIXED-LENGTH DATA ELEMENTS--GENERAL INFORMATION | |
| fixed length control field | 240428s9999||||xx |||||||||||||| ||und|| |
| 020 ## - INTERNATIONAL STANDARD BOOK NUMBER | |
| International Standard Book Number | 9789988289058 |
| 041 ## - LANGUAGE CODE | |
| Language code of text/sound track or separate title | fre |
| 100 ## - MAIN ENTRY--PERSONAL NAME | |
| Personal name | Kedem, Kosi |
| 245 #0 - TITLE STATEMENT | |
| Title | My Personal encounter with the media |
| 260 ## - PUBLICATION, DISTRIBUTION, ETC. | |
| Name of publisher, distributor, etc. | Governance and Electoral Systems Agecy |
| Date of publication, distribution, etc. | 2019 |
| 300 ## - PHYSICAL DESCRIPTION | |
| Extent | xi, 230p.; |
| 650 ## - SUBJECT ADDED ENTRY--TOPICAL TERM | |
| Topical term or geographic name entry element | Print media, Ghana |
| 942 ## - ADDED ENTRY ELEMENTS (KOHA) | |
| Koha item type | Books |
| Withdrawn status | Lost status | Damaged status | Not for loan | Home library | Current library | Shelving location | Date acquired | Total checkouts | Full call number | Date last seen | Copy number | Price effective from | Koha item type |
|---|---|---|---|---|---|---|---|---|---|---|---|---|---|
| Main Library | Main Library | Open Shelves | 29/09/2021 | 302.232K 1352 C2 - 302.232K 1351 C1 - 302.232K 1353 C3 - 302.232K 1355 C5 | 29/04/2024 | 1 | 29/04/2024 | Books |